000 00358nam a2200121Ia 4500
005 20251222141807.0
008 251222s9999||||xx |||||||||||||| ||spa||
082 _a657.3/F64A
100 _aFlores Soria, Jaime
245 0 _aAjuste de los Estados Financieros Impuesto a la Renta
264 _bCentro de Especialización en Contabilidad y Finanzas
942 _cLIB
999 _c6342
_d6342